Bharat sarkar aru rajniti (Record no. 806)

MARC details
000 -LEADER
fixed length control field 00581cam a2200217ua 4500
001 - CONTROL NUMBER
control field 883
005 - DATE AND TIME OF LATEST TRANSACTION
control field 20260515113234.0
008 - FIXED-LENGTH DATA ELEMENTS--GENERAL INFORMATION
fixed length control field 110421n ii |||gr||||Z||||||asm
020 ## - INTERNATIONAL STANDARD BOOK NUMBER
International Standard Book Number 81-7680-021-0
040 ## - CATALOGING SOURCE
Transcribing agency MAIN
082 ## - DEWEY DECIMAL CLASSIFICATION NUMBER
Classification number 320.954
245 1# - TITLE STATEMENT
Title Bharat sarkar aru rajniti
Statement of responsibility, etc. by Thaneswar Lahon
250 ## - EDITION STATEMENT
Edition statement 1st.
260 ## - PUBLICATION, DISTRIBUTION, ETC.
Place of publication, distribution, etc. Dibrugarh:
Name of publisher, distributor, etc. Students amporium,
Date of publication, distribution, etc. 2004.
300 ## - PHYSICAL DESCRIPTION
Extent ix, 427p.:
Dimensions 22cm.
653 ## - INDEX TERM--UNCONTROLLED
Uncontrolled term Political science
653 ## - INDEX TERM--UNCONTROLLED
Uncontrolled term Bharator sarkar aru rajniti
653 ## - INDEX TERM--UNCONTROLLED
Uncontrolled term Indian government and politics
700 ## - ADDED ENTRY--PERSONAL NAME
Personal name Lahon, Thaneswar.,
Relator term Author.
942 ## - ADDED ENTRY ELEMENTS (KOHA)
Koha item type Books
Holdings
Withdrawn status Lost status Damaged status Not for loan Home library Current library Shelving location Date acquired Total checkouts Full call number Barcode Date last seen Copy number Price effective from Koha item type
        Naharkatiya College Library Naharkatiya College Library General stacks 09/19/2020   320.954 | LAH 16014 09/19/2020 1 09/19/2020 Books